Quốc hiệu Việt Nam qua các thời kỳ lịch sử
Giới thiệu các quốc hiệu của Việt Nam qua từng giai đoạn lịch sử cụ thể trên các lĩnh vực: lịch sử hình thành nhà nước, thiết chế chính trị, thể chế, các đơn vị hành chính, kinh tế, quân sự, văn hoá, tư tưởng chính trị, tôn giáo......
Αποθηκεύτηκε σε:
| Κύριος συγγραφέας: | |
|---|---|
| Μορφή: | Βιβλίο |
| Γλώσσα: | Undetermined |
| Έκδοση: |
Hà Nội
Chính trị Quốc gia
2012
|
| Θέματα: | |
| Ετικέτες: |
Προσθήκη ετικέτας
Δεν υπάρχουν, Καταχωρήστε ετικέτα πρώτοι!
|
| Thư viện lưu trữ: | Trung tâm Học liệu Trường Đại học Cần Thơ |
|---|
| LEADER | 00972nam a2200217Ia 4500 | ||
|---|---|---|---|
| 001 | CTU_177590 | ||
| 008 | 210402s9999 xx 000 0 und d | ||
| 020 | |c 35000 | ||
| 082 | |a 959.7 | ||
| 082 | |b L305 | ||
| 100 | |a Cao, Văn Liên | ||
| 245 | 0 | |a Quốc hiệu Việt Nam qua các thời kỳ lịch sử | |
| 245 | 0 | |c Cao Văn Liên | |
| 260 | |a Hà Nội | ||
| 260 | |b Chính trị Quốc gia | ||
| 260 | |c 2012 | ||
| 520 | |a Giới thiệu các quốc hiệu của Việt Nam qua từng giai đoạn lịch sử cụ thể trên các lĩnh vực: lịch sử hình thành nhà nước, thiết chế chính trị, thể chế, các đơn vị hành chính, kinh tế, quân sự, văn hoá, tư tưởng chính trị, tôn giáo... | ||
| 650 | |a Vietnam,Việt Nam | ||
| 650 | |x History,Lịch sử | ||
| 904 | |i Hải | ||
| 980 | |a Trung tâm Học liệu Trường Đại học Cần Thơ | ||